Online
Catalog

Actitud al cambio socioeducativo y práctica educativa un análisis multifactorial en población docente / (Record no. 49668)

MARC details
000 -CABECERA
campo de control de longitud fija 01292nam a22003017a 4500
003 - IDENTIFICADOR DEL NÚMERO DE CONTROL
campo de control OSt
005 - FECHA Y HORA DE LA ÚLTIMA TRANSACCIÓN
campo de control 20210408152620.0
008 - DATOS DE LONGITUD FIJA--INFORMACIÓN GENERAL
campo de control de longitud fija 210323b ||||| |||| 00| 0 spa d
020 ## - NÚMERO INTERNACIONAL ESTÁNDAR DEL LIBRO
Número Internacional Estándar del Libro 978-9945-920109
040 ## - FUENTE DE LA CATALOGACIÓN
Centro catalogador/agencia de origen DO-SdBNP
Lengua de catalogación spa
Centro/agencia transcriptor BNPHU
082 #4 - NÚMERO DE LA CLASIFICACIÓN DECIMAL DEWEY
Número de clasificación 370.15
Número de documento/Ítem G216a
100 1# - ENTRADA PRINCIPAL--NOMBRE DE PERSONA
Nombre de persona García Romero, Dinorah
9 (RLIN) 78246
245 1# - MENCIÓN DE TÍTULO
Título Actitud al cambio socioeducativo y práctica educativa un análisis multifactorial en población docente /
Mención de responsabilidad, etc. Dinorah García R. ; editores Rafael González, Luz Almánzar Rodríguez
260 ## - PUBLICACIÓN, DISTRIBUCIÓN, ETC.
Lugar de publicación, distribución, etc. Santo Domingo :
Fecha de publicación, distribución, etc. 2020
300 ## - DESCRIPCIÓN FÍSICA
Extensión 563 p. :
Otras características físicas il., cuadros, gráficos ;
Dimensiones 28 cm
490 ## - MENCIÓN DE SERIE
Mención de serie Colección Humanidades ; serie Tesis
Designación de volumen o secuencia vol. 3
500 ## - NOTA GENERAL
Nota general Presentado originalmente como tesis de doctorado a la Universidad de Valencia.
590 ## - NOTA LOCAL (RLIN)
Nota local Inventariado, 2021 / DG
650 #4 - PUNTO DE ACCESO ADICIONAL DE MATERIA--TÉRMINO DE MATERIA
Término de materia o nombre geográfico como elemento de entrada Psicología de la educación
9 (RLIN) 28942
650 #4 - PUNTO DE ACCESO ADICIONAL DE MATERIA--TÉRMINO DE MATERIA
Término de materia o nombre geográfico como elemento de entrada Formación profesional de maestros
9 (RLIN) 17397
650 #4 - PUNTO DE ACCESO ADICIONAL DE MATERIA--TÉRMINO DE MATERIA
Término de materia o nombre geográfico como elemento de entrada Educación
Subdivisión geográfica República Dominicana
Subdivisión general Aspectos sociales
9 (RLIN) 78335
650 #4 - PUNTO DE ACCESO ADICIONAL DE MATERIA--TÉRMINO DE MATERIA
Término de materia o nombre geográfico como elemento de entrada Profesores
Subdivisión general República Dominicana
9 (RLIN) 78336
700 ## - PUNTO DE ACCESO ADICIONAL--NOMBRE DE PERSONA
Nombre de persona González, Rafael
Término indicativo de función/relación Editor
9 (RLIN) 24695
700 ## - PUNTO DE ACCESO ADICIONAL--NOMBRE DE PERSONA
Nombre de persona Almánzar Rodríguez, Luz
Término indicativo de función/relación Editor
9 (RLIN) 56217
710 1# - PUNTO DE ACCESO ADICIONAL--NOMBRE DE ENTIDAD CORPORATIVA
Nombre de entidad corporativa o nombre de jurisdicción como elemento de entrada República Dominicana.
Unidad subordinada Ministerio de Educación Superior, Ciencia y Tecnología,
9 (RLIN) 56809
910 ## - DATOS DE OPCIÓN DEL USUARIO (OCLC)
Datos de opción del usuario D/G
942 ## - ELEMENTOS DE PUNTO DE ACCESO ADICIONAL (KOHA)
Fuente del sistema de clasificación o colocación Dewey Decimal Classification
Tipo de ítem Koha Libro
Holdings
Estado de retiro Estado de pérdida Fuente del sistema de clasificación o colocación Restricciones de uso No para préstamo Código de colección Localización permanente Ubicación/localización actual Ubicación en estantería Fecha de adquisición Fuente de adquisición Total de préstamos Signatura topográfica completa Código de barras Fecha visto por última vez Precio válido a partir de Tipo de ítem Koha Número de copia
    Dewey Decimal Classification Excluido de préstamo Préstamo restrigido Monografías: Libros y Folletos Biblioteca Nacional Pedro Henríquez Ureña General Depósito   donado   BNPHU PD 370.15 G216a 2021-1177 23.03.2021 23.03.2021 Libro e. 2
    Dewey Decimal Classification Préstamo en sala   Monografías: Libros y Folletos Biblioteca Nacional Pedro Henríquez Ureña General Depósito   donado   BNPHU DS 370.15 G216a 2021-1178 23.03.2021 23.03.2021 Libro e.3
    Dewey Decimal Classification Excluido de préstamo Excluido de préstamo Monografías: Libros y Folletos Biblioteca Nacional Pedro Henríquez Ureña Patrimonio Dominicano Depósito 18.08.2020 donado   BNPHU PD 370.15 G216a 2021-1176 23.03.2021 23.03.2021 Libro  

Powered by Koha